El abogado del diablo

Guardado en:
Bibliografiske detaljer
Hovedforfatter: Caldwell, Taylor
Format: Bog
Sprog:Undetermined
Udgivet: México, Distrito Federal Editorial Grijalbo 1984
Fag:
Tags: Tilføj Tag
Ingen Tags, Vær først til at tagge denne postø!

MARC

LEADER 00000nam a2200000Ia 4500
008 170316s9999 xx 000 0 und d
090 |a F-810 C-4a 
100 |a Caldwell, Taylor 
245 |a El abogado del diablo 
260 |a México, Distrito Federal 
260 |b Editorial Grijalbo 
260 |c 1984 
300 |a 486 páginas 
650 |a LITERATURA ESTADOUNIDENSE 
999 |c 28749  |d 28749 
040 |a cru BVZT 
942 |c 15 D  |h F-810 C-4a  |2 z